Catálogo

PRINCIPLES OF DISTRIBUTED DATABASE SYSTEMS (Registro nro. 49204)

Detalles MARC
000 -LEADER
fixed length control field 00742nam a2200205 a 4500
001 - CONTROL NUMBER
control field 49204
005 - DATE AND TIME OF LATEST TRANSACTION
control field 20180714033813.0
008 - FIXED-LENGTH DATA ELEMENTS--GENERAL INFORMATION
fixed length control field 140415s1999 000 0 spa d
020 ## - INTERNATIONAL STANDARD BOOK NUMBER
International Standard Book Number 0136597076
041 ## - LANGUAGE CODE
Language code of text/sound track or separate title spa
082 ## - DEWEY DECIMAL CLASSIFICATION NUMBER
Classification number 005.758
Item number OZS
100 1# - MAIN ENTRY--PERSONAL NAME
Personal name ÖZSU, M. TAMER
245 10 - TITLE STATEMENT
Title PRINCIPLES OF DISTRIBUTED DATABASE SYSTEMS
250 ## - EDITION STATEMENT
Edition statement 2a ed.
260 ## - PUBLICATION, DISTRIBUTION, ETC.
Place of publication, distribution, etc. [s.l.] :
Name of publisher, distributor, etc. PRENTICE HALL, INC.,
Date of publication, distribution, etc. 1999
300 ## - PHYSICAL DESCRIPTION
Extent 410
Dimensions 18.4 x 3.5 x 23.4
520 ## - SUMMARY, ETC.
Summary, etc. INTHE SECOND EDITION OF THIS BEST-SELLING DISTRIBUTED DATABASE SYSTEMS TEXT, THE AUTHORS ADDRESS NEW AND EMERGING ISSUES IN THE FIELD WHILE MAINTAINING
650 14 - SUBJECT ADDED ENTRY--TOPICAL TERM
Topical term or geographic name entry element BASES DE DATOS RELACIONALES
General subdivision BASES DE DATOS DISTRIBUIDAS
700 1# - ADDED ENTRY--PERSONAL NAME
Personal name VALDURIEZ, PATRICK
Relator term coaut.
Existencias
Withdrawn status Lost status Source of classification or shelving scheme Damaged status Not for loan Collection code Home library Current library Shelving location Date acquired Source of acquisition Inventory number Total Checkouts Full call number Barcode Date last seen Price effective from Koha item type
    Dewey Decimal Classification     General Biblioteca Karol Wojtyla Biblioteca Karol Wojtyla Sala general 03/12/2013 Compra 151000000000000000059423   '005.758 OZS 82560 05/01/2026 03/12/2013 Libro
    Dewey Decimal Classification     General Biblioteca Karol Wojtyla Biblioteca Karol Wojtyla Sala general 03/12/2013 Compra 151000000000000000059421   '005.758 OZS 73600 05/01/2026 03/12/2013 Libro
    Dewey Decimal Classification     General Biblioteca Karol Wojtyla Biblioteca Karol Wojtyla Sala general 03/12/2013 Compra 151000000000000000059422   '005.758 OZS 82559 05/01/2026 03/12/2013 Libro